000 00345 a2200121 4500
005 20250628163337.0
020 _a978-1-84710-733-6
100 _aKAPLAN FINANCIAL LIMITED
245 _aPaper P1 Professional Accountant: Complete Text
260 _aLondon
_bKaplan
_c2009
300 _axxiii, 534p.: ill; Figure, Table
_bIndex
_c29cm
942 _2ddc
_cBKS
999 _c6115
_d6115